Normal view
MARC view
Entry Personal Name
001 - CONTROL NUMBER
- control field: 35181
003 - CONTROL NUMBER IDENTIFIER
- control field: dpl
005 - DATE AND TIME OF LATEST TRANSACTION
- control field: 20111003104502.0
008 - FIXED-LENGTH DATA ELEMENTS
- fixed length control field: 111003|||a|||||| | ||| d
040 ## - CATALOGING SOURCE
- Original cataloging agency: dpl
- Transcribing agency: dpl
100 ## - HEADING--PERSONAL NAME
- Personal name: अग्रवाल, घंमडीलाल
670 ## - SOURCE DATA FOUND
- Source citation: Work cat.: (dpl)55759: अग्रवाल, घंमडीलाल, ऐसा देश हमारा /, 2007
670 ## - SOURCE DATA FOUND
- Source citation: Work cat.: (dpl)55759: अग्रवाल, घंमडीलाल, ऐसा देश हमारा /, 2007
